[Event "TUR-ch (Women)"]
[Site "Antalya"]
[Date "2019.03.06"]
[Round "5"]
[White "Sen, Senanur"]
[Black "Sen, Nehir"]
[Result "0-1"]
[WhiteElo "1033"]
[BlackElo "1311"]
[PlyCount "68"]
[EventDate "2019.03.03"]
[EventType "swiss"]
[EventRounds "9"]
[EventCountry "TUR"]
[SourceTitle "CBM 189 Extra"]
[Source "ChessBase"]
[SourceDate "2019.06.03"]
[SourceVersion "1"]
[SourceVersionDate "2019.06.03"]
[SourceQuality "1"]

1. e4 g6 2. d4 Bg7 3. Nc3 d6 4. f4 Nf6 5. Nf3 0-0 6. Bd3 Nc6 7. e5 dxe5 8. fxe5 Nh5 9. Be3 Bg4 10. 0-0 Nxd4 11. Bxd4 Bxf3 12. Qxf3 Qxd4+ 13. Rf2 Bxe5 14. g3 Qb4 15. Re2 Qxb2 16. Rb1 Qxc3 17. Rxb7 Rab8 18. Be4 Qxf3 19. Bxf3 Rxb7 20. Bxb7 Bd6 21. Bf3 Nf6 22. c4 Rb8 23. Kg2 Rb4 24. Rc2 c5 25. Be2 Ne4 26. Bf3 Nf6 27. h4 Nd7 28. Be2 Ne5 29. Kh3 Nc6 30. Bf1 Nd4 31. Rf2 Nf5 32. g4 Ne3 33. Be2 Nxc4 34. Bxc4 Rxc4 0-1

[Event "TUR-ch (Women)"]
[Site "Antalya"]
[Date "2019.03.03"]
[Round "1"]
[White "Sen, Senanur"]
[Black "Tanir, Simay"]
[Result "0-1"]
[WhiteElo "1033"]
[BlackElo "1432"]
[PlyCount "88"]
[EventDate "2019.03.03"]
[EventType "swiss"]
[EventRounds "9"]
[EventCountry "TUR"]
[SourceTitle "CBM 189 Extra"]
[Source "ChessBase"]
[SourceDate "2019.06.03"]
[SourceVersion "1"]
[SourceVersionDate "2019.06.03"]
[SourceQuality "1"]

1. e4 e6 2. d4 d5 3. Nd2 a5 4. Ngf3 Nf6 5. Bd3 dxe4 6. Nxe4 Be7 7. 0-0 Nbd7 8. Re1 0-0 9. a3 Nxe4 10. Bxe4 Nf6 11. Bd3 c5 12. c3 Qb6 13. Rb1 h6 14. Be3 Nd5 15. dxc5 Nxe3 16. cxb6 Nxd1 17. Rbxd1 Bc5 18. b4 axb4 19. axb4 Bxb6 20. Rd2 Rd8 21. Red1 Kf8 22. h3 Ke7 23. Be2 Bd7 24. Ne5 Be8 25. Rxd8 Bxd8 26. Bf3 Bc7 27. Nd3 Ra7 28. c4 f5 29. g3 g5 30. Bg2 b6 31. f4 Ra3 32. fxg5 hxg5 33. g4 f4 34. Kf2 Ra2+ 35. Ke1 Rxg2 36. Rd2 Rxd2 37. Kxd2 e5 38. Ke2 e4 39. Nf2 Bc6 40. c5 bxc5 41. bxc5 Be5 42. Kf1 Bb5+ 43. Ke1 Bc3+ 44. Kd1 e3 0-1

[Event "TUR-chT2"]
[Site "Konya"]
[Date "2015.07.31"]
[Round "9.9"]
[White "Sen, Senanur"]
[Black "Tsatsalashvili, Ketevan"]
[Result "0-1"]
[WhiteElo "1302"]
[BlackElo "2262"]
[PlyCount "48"]
[EventDate "2015.07.25"]
[EventType "team-swiss"]
[EventRounds "9"]
[EventCountry "TUR"]
[SourceTitle "EXT 2017"]
[Source "ChessBase"]
[SourceDate "2016.10.25"]
[SourceVersion "1"]
[SourceVersionDate "2016.10.25"]
[SourceQuality "1"]
[WhiteTeam "Zonguldak Alapli Aktif"]
[BlackTeam "Izmir Karsiyaka"]
[WhiteTeamCountry "TUR"]
[BlackTeamCountry "TUR"]

1. e4 c5 2. Nf3 d6 3. Nc3 Nc6 4. Bb5 e5 5. Bxc6+ bxc6 6. d3 Be7 7. h3 h6 8. 0-0 Nf6 9. Ne2 Be6 10. Ng3 Qd7 11. Kh2 g5 12. Ng1 h5 13. Bxg5 Ng4+ 14. hxg4 hxg4+ 15. Nh3 gxh3 16. Qd2 hxg2+ 17. Kxg2 Bh3+ 18. Kf3 Qg4+ 19. Ke3 Bxg5+ 20. f4 Bxf4+ 21. Rxf4 exf4+ 22. Kf2 Qxg3+ 23. Ke2 Bg4+ 24. Kf1 Rh1# 0-1

[Event "TUR-chT2"]
[Site "Konya"]
[Date "2015.07.28"]
[Round "5.11"]
[White "Yuksek, Emek"]
[Black "Sen, Senanur"]
[Result "1-0"]
[WhiteElo "1557"]
[BlackElo "1302"]
[PlyCount "53"]
[EventDate "2015.07.25"]
[EventType "team-swiss"]
[EventRounds "9"]
[EventCountry "TUR"]
[SourceTitle "CBM 167 Extra"]
[Source "ChessBase"]
[SourceDate "2015.09.14"]
[SourceVersion "1"]
[SourceVersionDate "2015.09.14"]
[SourceQuality "1"]
[WhiteTeam "Istanbul Dobruca"]
[BlackTeam "Zonguldak Alapli Aktif"]
[WhiteTeamCountry "TUR"]
[BlackTeamCountry "TUR"]

1. e4 e5 2. Nf3 Nc6 3. d4 d6 4. Bb5 Bd7 5. Nc3 Be7 6. Bxc6 Bxc6 7. dxe5 dxe5 8. Qxd8+ Rxd8 9. Nxe5 Bb4 10. Nxc6 Bxc3+ 11. bxc3 bxc6 12. Bf4 Rd7 13. Rb1 Nf6 14. f3 0-0 15. 0-0 Nh5 16. Be3 a5 17. Rb7 Rfd8 18. Kf2 h6 19. Ke2 g5 20. g3 Kg7 21. Rfb1 Kh7 22. Ra7 g4 23. Rxa5 gxf3+ 24. Kxf3 Rd1 25. Rxd1 Rxd1 26. Rxh5 Ra1 27. Rxh6+ 1-0